000 00595nam a2200217Ia 4500
005 20241129115932.0
008 241129s9999||||xx |||||||||||||| ||und||
020 _a9789353883140
037 _aTB
040 _aSDCL
_beng
_cSDCL
041 _aeng
_2eng
084 _aV:(G:55).2'P, R0
_qSDCL
100 _aChakrabarti Ranjan Ed.
245 0 _aCritical themes in environmental history of India
260 _aNew Delhi
_bSage 2020
_c2020
300 _axii,476p.
365 _aINR
_b1645
650 _aReference
942 _cTB
_hV:(G:55).2'P, R0
999 _c1232650
_d1232650